| 000 | 00441nam a22001217a 4500 | ||
|---|---|---|---|
| 003 | OSt | ||
| 008 | 250120b |||||||| |||| 00| 0 eng d | ||
| 041 | _aeng | ||
| 100 |
_aWorld Energy Conference _96968 |
||
| 245 |
_aEnergy Development Quality of Use: _bWorking Group No.B6 WG 6B Progress and Prospects of Controlled Nuclear Fusion |
||
| 260 |
_aNew Delhi: _bOrganising Committee 12th Congress of the World Energy Conference, _c1983. |
||
| 942 | _cBK | ||
| 999 |
_c19074 _d19074 |
||